00360nam a2200121 a 450000500170000000800410001705000230005810000150008124500440009626000550014044000320019565000110022720140414132104.0100823s19uu xx 00 eng d aTR 428.1bM17 2009 aMcGaw, Les aBe your own english teacher! :bIdioms. aManila, Philippines :bMiflores Publishing,c2004. aThe Miflores English Series aIdioms